| 000 | 00673na a2200229 4500 | ||
|---|---|---|---|
| 001 | 19415 | ||
| 003 | MIRAKIL | ||
| 005 | 20181213155107.0 | ||
| 008 | 161214b tu 000 0 | ||
| 020 | _a9789944512879 | ||
| 040 |
_aMilas _btur _cTR-AnCHP |
||
| 041 | _atur | ||
| 082 |
_a370.71 _bÖ36 2009 |
||
| 090 | _a370.71 Ö36 2009 | ||
| 245 |
_aÖğretmen yeterlikleri _b"öğretmene yatırım, geleceğe atılım" _cTürk Eğitim Derneği |
||
| 260 |
_aAnkara _bTürk Eğitim Derneği _c2009 |
||
| 300 |
_a40 s. _c24 sm. |
||
| 500 | _aKaynakça var. | ||
| 650 |
_aÖğretmen eğitimi _xRaporlar _zTürkiye |
||
| 710 | _aTürkiye Eğitim Derneği | ||
| 942 |
_2ddc _cBKS |
||
| 999 |
_c6402 _d6402 |
||